00865nam a2200253 a 450000100060000000300080000600500170001400800410003103500190007204000230009104100080011408200280012210000380015024500600018826000370024830000200028549000320030550000190033765000370035683000400039394200120043399900170044595201490046246634BD-RjUL20211209054200.0160803s1958 ii 001 0 eng  a(BD-RjUL)46753 aDLCcDLCdDLCbeng aeng a347.306660954bIYC 19581 aIyengar, Srinivasa T. R.914220000aCompanies administration /cby Srinivasa T. R. Iyengar aAllahabad :bLaw Book Co.,c1958 a557 p. ;c23 cm aCompany law series No. ;v3 aIncludes index aCorporation law z India9142201 aCompany law series No. ;v39142202 2ddccBK c46634d46634 00102ddc40708NFICaRUCLbRUCLcStackd1964-05-28ePak. law houseg17.50l0o347.306660954 IYC 1958r2016-08-03 00:00:00tC-2w2016-08-03yBK